[Event "San Jose 1000 GM Spring Break 3 Gp1"]
[Site "San Jose"]
[Date "2024.04.06"]
[Round "4.3"]
[White "Deng, Henry"]
[Black "Arenas Vanegas, David"]
[Result "1/2-1/2"]
[WhiteElo "2305"]
[BlackElo "2366"]
[PlyCount "48"]
[EventDate "2024.04.05"]
[EventType "schev"]
[EventRounds "5"]
[EventCountry "USA"]
[SourceTitle "CB16_2024"]
[SourceDate "2024.04.17"]
[SourceVersion "1"]
[SourceVersionDate "2024.04.17"]
[SourceQuality "1"]
[WhiteTeam "Challengers"]
[BlackTeam "Masters"]
[WhiteTeamCountry "USA"]
[BlackTeamCountry "USA"]

1. e4 e5 2. Nf3 Nc6 3. Bc4 Bc5 4. Nc3 Nf6 5. d3 d6 6. Na4 Bb6 7. a3 h6 8. h3 Ne7 9. Nxb6 axb6 10. 0-0 0-0 11. Re1 Ng6 12. c3 Re8 13. b4 c6 14. Bb3 d5 15. Bb2 b5 16. Qc2 Be6 17. Rad1 Qc8 18. Kh2 dxe4 19. dxe4 Bxb3 20. Qxb3 Qe6 21. Qxe6 Rxe6 22. g3 Re7 23. Rc1 Rd8 24. Re3 Rd6 1/2-1/2

[Event "San Jose 1000 GM Spring Break 2 Gp1"]
[Site "San Jose"]
[Date "2024.04.02"]
[Round "1.5"]
[White "Arenas Vanegas, David"]
[Black "Wang, Jeffery"]
[Result "1-0"]
[WhiteElo "2366"]
[BlackElo "2056"]
[PlyCount "67"]
[EventDate "2024.04.02"]
[EventType "schev"]
[EventRounds "5"]
[EventCountry "USA"]
[SourceTitle "CB16_2024"]
[SourceDate "2024.04.17"]
[SourceVersion "1"]
[SourceVersionDate "2024.04.17"]
[SourceQuality "1"]
[WhiteTeam "Masters"]
[BlackTeam "Challengers"]
[WhiteTeamCountry "USA"]
[BlackTeamCountry "USA"]

1. e4 e5 2. Nf3 Nc6 3. Bc4 Bc5 4. c3 Nf6 5. d3 d6 6. 0-0 a5 7. Nbd2 0-0 8. h3 h6 9. Re1 Be6 10. b3 Ba7 11. Nf1 Ne7 12. Ng3 Ng6 13. a4 Re8 14. Bxe6 Rxe6 15. d4 d5 16. exd5 Nxd5 17. c4 Nb4 18. d5 Re8 19. Bb2 c6 20. Nxe5 Nxe5 21. Rxe5 Rxe5 22. Bxe5 Qg5 23. Qh5 cxd5 24. Qxg5 hxg5 25. cxd5 Rd8 26. Nf5 g6 27. Bf6 Rd7 28. Ne7+ Kf8 29. Rc1 Rxe7 30. d6 Bxf2+ 31. Kf1 Re1+ 32. Rxe1 Bxe1 33. d7 Nc6 34. Kxe1 1-0

[Event "San Jose 1000 GM Spring Break 1A"]
[Site "San Jose"]
[Date "2024.03.30"]
[Round "4.4"]
[White "Yan, Nathan"]
[Black "Arenas Vanegas, David"]
[Result "1/2-1/2"]
[WhiteElo "2181"]
[BlackElo "2366"]
[PlyCount "86"]
[EventDate "2024.03.29"]
[EventType "schev"]
[EventRounds "5"]
[EventCountry "USA"]
[SourceTitle "CB16_2024"]
[SourceDate "2024.04.17"]
[SourceVersion "1"]
[SourceVersionDate "2024.04.17"]
[SourceQuality "1"]

1. e4 e5 2. Nf3 Nc6 3. Bb5 a6 4. Ba4 Nf6 5. 0-0 Be7 6. Re1 b5 7. Bb3 d6 8. c3 0-0 9. h3 Na5 10. Bc2 c5 11. d4 Qc7 12. Nbd2 Be6 13. Nf1 Nc4 14. d5 Bd7 15. Ng3 Rfc8 16. b3 Nb6 17. Bg5 h6 18. Be3 Bf8 19. Qd2 Kh7 20. Nh4 g6 21. f4 exf4 22. Bxf4 Bg7 23. Qf2 Re8 24. Nf3 a5 25. Bxd6 Qxd6 26. e5 Qf8 27. exf6 Bxf6 28. Ne4 Bg7 29. Rad1 Bf5 30. d6 Rac8 31. Qd2 Nd7 32. Nh4 Bxe4 33. Bxe4 b4 34. Qc2 Bxc3 35. Bxg6+ fxg6 36. Re7+ Rxe7 37. Nxg6 Bd4+ 38. Rxd4 Re1+ 39. Kh2 Rh1+ 40. Kxh1 Qf1+ 41. Kh2 cxd4 42. Qxc8 Kxg6 43. Qxd7 Qf4+ 1/2-1/2

[Event "Sunnyvale 1000 IM Winter 12"]
[Site "Sunnyvale"]
[Date "2023.12.28"]
[Round "4"]
[White "Arenas Vanegas, David"]
[Black "Stevens, Adam B"]
[Result "1/2-1/2"]
[WhiteElo "2406"]
[BlackElo "1878"]
[PlyCount "39"]
[EventDate "2023.12.26"]
[EventType "schev"]
[EventRounds "9"]
[EventCountry "USA"]
[SourceTitle "CB01_2024"]
[SourceDate "2024.01.03"]
[SourceVersion "1"]
[SourceVersionDate "2024.01.03"]
[SourceQuality "1"]

1. e4 e6 2. d4 d5 3. exd5 exd5 4. Nf3 Nc6 5. Bb5 Bd6 6. c4 dxc4 7. d5 a6 8. Ba4 b5 9. dxc6 bxa4 10. 0-0 Bg4 11. Re1+ Ne7 12. Qd4 Be6 13. Qxg7 Ng6 14. Nc3 Bf8 15. Qd4 Qxd4 16. Nxd4 0-0-0 17. Nxe6 fxe6 18. Nxa4 Bb4 19. Nc3 Bxc3 20. bxc3 1/2-1/2

[Event "Sunnyvale 1000 GM 10"]
[Site "Sunnyvale"]
[Date "2023.10.14"]
[Round "7"]
[White "Arenas Vanegas, David"]
[Black "Yan, Nathan"]
[Result "1/2-1/2"]
[WhiteElo "2412"]
[BlackElo "2089"]
[PlyCount "31"]
[EventDate "2023.10.06"]
[EventType "schev"]
[EventRounds "10"]
[EventCountry "USA"]
[SourceTitle "Mega2024 Update 01"]
[Source "Chessbase"]
[SourceDate "2023.11.12"]
[SourceVersion "1"]
[SourceVersionDate "2023.11.12"]
[SourceQuality "1"]

1. e4 e5 2. Nf3 Nc6 3. Bb5 a6 4. Ba4 Nf6 5. 0-0 b5 6. Bb3 Bb7 7. Re1 Bc5 8. c3 d6 9. d3 h6 10. Be3 Bxe3 11. Rxe3 0-0 12. Nbd2 Na5 13. Bc2 c5 14. d4 Nc6 15. d5 Nb8 16. Nf1 1/2-1/2

[Event "Medellin Flores op 30th"]
[Site "Medellin"]
[Date "2023.08.07"]
[Round "8"]
[White "Arenas Vanegas, David"]
[Black "Ruiz Aguilar, Pablo Alexander"]
[Result "1-0"]
[WhiteElo "2418"]
[BlackElo "2178"]
[PlyCount "83"]
[EventDate "2023.08.03"]
[EventType "swiss"]
[EventRounds "9"]
[EventCountry "COL"]
[SourceTitle "CBM 215 Extra"]
[Source "ChessBase"]
[SourceDate "2023.09.30"]
[SourceVersion "1"]
[SourceVersionDate "2023.09.30"]
[SourceQuality "1"]

1. e4 c5 2. Nf3 e6 3. d4 cxd4 4. Nxd4 a6 5. c4 Nf6 6. Nc3 Qc7 7. a3 b6 8. Be3 Bb7 9. f3 Be7 10. Rc1 0-0 11. Be2 d6 12. g4 Re8 13. Kd2 Bf8 14. Qg1 Nfd7 15. Kc2 Ne5 16. Kb1 Nbd7 17. Qd1 Rac8 18. f4 Nxc4 19. Bxc4 Qxc4 20. Nd5 exd5 21. b3 Qc5 22. b4 Qc4 23. Re1 Rxe4 24. Rxc4 dxc4 25. Nf5 c3 26. Kc1 d5 27. Bd4 Rxf4 28. Qd3 Re4 29. Rxe4 dxe4 30. Qe3 h6 31. Bxc3 Ne5 32. g5 hxg5 33. Kb1 Nf3 34. Kb2 b5 35. Qb6 Bd5 36. Qxa6 Rb8 37. Nh6+ Kh7 38. Nxf7 Re8 39. Nh6 Re6 40. Qxb5 Rd6 41. Nf5 Bc6 42. Qb8 1-0

[Event "Medellin Flores op 30th"]
[Site "Medellin"]
[Date "2023.08.06"]
[Round "7"]
[White "Blanco Fernandez, Lino Orlando"]
[Black "Arenas Vanegas, David"]
[Result "1/2-1/2"]
[WhiteElo "2294"]
[BlackElo "2418"]
[PlyCount "30"]
[EventDate "2023.08.03"]
[EventType "swiss"]
[EventRounds "9"]
[EventCountry "COL"]
[SourceTitle "CBM 215 Extra"]
[Source "ChessBase"]
[SourceDate "2023.09.30"]
[SourceVersion "1"]
[SourceVersionDate "2023.09.30"]
[SourceQuality "1"]

1. d4 d5 2. c4 e6 3. Nc3 Nf6 4. Bg5 Be7 5. e3 h6 6. Bh4 0-0 7. Bd3 b6 8. cxd5 Nxd5 9. Bxe7 Qxe7 10. Nxd5 exd5 11. Rc1 c5 12. Ne2 Be6 13. 0-0 Nd7 14. b3 Nf6 15. Qc2 Rfc8 1/2-1/2

[Event "Barcelona Sant Marti op-A 23rd"]
[Site "Barcelona"]
[Date "2023.07.18"]
[Round "6"]
[White "Arenas Vanegas, David"]
[Black "Jimenez Garcia, Emanuel"]
[Result "1-0"]
[WhiteElo "2418"]
[BlackElo "2437"]
[PlyCount "135"]
[EventDate "2023.07.13"]
[EventType "swiss"]
[EventRounds "9"]
[EventCountry "ESP"]
[SourceTitle "CBM 215 Extra"]
[Source "ChessBase"]
[SourceDate "2023.09.30"]
[SourceVersion "1"]
[SourceVersionDate "2023.09.30"]
[SourceQuality "1"]

1. e4 d6 2. d4 Nf6 3. Nc3 e5 4. dxe5 dxe5 5. Qxd8+ Kxd8 6. Bc4 Ke8 7. f3 a6 8. Be3 Nbd7 9. 0-0-0 c6 10. Nh3 b5 11. Bb3 Bc5 12. Rhe1 Bxe3+ 13. Rxe3 Nc5 14. Nf2 a5 15. Nd3 Nfd7 16. a3 Ba6 17. Nxc5 Nxc5 18. Rd6 Rc8 19. Re1 Ke7 20. Red1 f6 21. R1d2 Rc7 22. Nd1 Bc8 23. Ne3 g6 24. Rd1 Be6 25. Bxe6 Nxe6 26. R6d2 h5 27. h4 Rd8 28. Rxd8 Nxd8 29. a4 bxa4 30. Rd3 Rd7 31. Ra3 Nb7 32. Rxa4 Rd4 33. Rxd4 exd4 34. Nc4 a4 35. Kd2 Nc5 36. c3 dxc3+ 37. Kxc3 Ke6 38. Kd4 Nb3+ 39. Ke3 g5 40. hxg5 fxg5 41. Nb6 Nc5 42. Kd4 Nb3+ 43. Kd3 Ke5 44. Nxa4 Kf4 45. Kc3 Nc1 46. Nc5 Kg3 47. Kd2 Kxg2 48. e5 h4 49. e6 h3 50. e7 h2 51. e8Q h1Q 52. Qe3 Na2 53. Qxg5+ Kf1 54. Qg3 Qh6+ 55. f4 Qh5 56. Qe1+ Kg2 57. Qe2+ Qxe2+ 58. Kxe2 Nb4 59. f5 Nd5 60. Nd7 Nf4+ 61. Ke3 Nh3 62. f6 Ng5 63. Kf4 Nf7 64. Ne5 Nd8 65. f7 Kf2 66. Ke4 Ne6 67. Kf5 Nf8 68. Nxc6 1-0

[Event "Barbera del Valles op 45th"]
[Site "Barbera del Valles"]
[Date "2023.07.07"]
[Round "4"]
[White "Arenas Vanegas, David"]
[Black "Solodovnichenko, Yuri"]
[Result "1/2-1/2"]
[WhiteElo "2418"]
[BlackElo "2520"]
[PlyCount "128"]
[EventDate "2023.07.04"]
[EventType "swiss"]
[EventRounds "9"]
[EventCountry "ESP"]
[SourceTitle "CBM 215 Extra"]
[Source "ChessBase"]
[SourceDate "2023.09.30"]
[SourceVersion "1"]
[SourceVersionDate "2023.09.30"]
[SourceQuality "1"]

1. e4 c5 2. Nf3 d6 3. d4 Nf6 4. Nc3 cxd4 5. Nxd4 Nc6 6. Bg5 e6 7. Qd3 Be7 8. 0-0-0 Nxd4 9. Qxd4 a6 10. Kb1 0-0 11. Bxf6 Bxf6 12. Qxd6 Qa5 13. Qg3 b6 14. f4 Bxc3 15. Qxc3 Qxc3 16. bxc3 Bb7 17. Rd4 e5 18. fxe5 Rae8 19. Bc4 Rxe5 20. Rf1 Rxe4 21. Rxf7 Rxd4 22. Rxf8+ Kxf8 23. cxd4 Ke7 24. g3 h6 25. Bd3 Kd6 26. c3 g5 27. Kc2 a5 28. Kd2 Bd5 29. c4 Bf7 30. a3 Be6 31. Ke3 Bf7 32. h4 Be8 33. Bh7 Bf7 34. Kd3 Bh5 35. Bg8 Bf3 36. Ke3 Bg2 37. Bh7 Bf1 38. Bd3 Bg2 39. Be2 Bb7 40. hxg5 hxg5 41. Bd1 Ba6 42. Kd3 Bb7 43. Ba4 Bg2 44. Kc3 Bf3 45. Be8 Be2 46. Bb5 Bf3 47. Kd3 Bg2 48. Ke3 Bh1 49. Ba4 Bg2 50. Bd1 Bh1 51. Ba4 Bg2 52. Bd1 Bf1 53. c5+ bxc5 54. dxc5+ Kxc5 55. Ke4 Bb5 56. Kf5 Kd4 57. Kxg5 a4 58. g4 Kc3 59. Kf6 Kb2 60. g5 Kxa3 61. g6 Kb4 62. g7 Bc4 63. Bxa4 Kxa4 64. g8Q Bxg8 1/2-1/2

[Event "Barbera del Valles op 45th"]
[Site "Barbera del Valles"]
[Date "2023.07.05"]
[Round "2"]
[White "Arenas Vanegas, David"]
[Black "Deshmukh, Anup"]
[Result "1-0"]
[WhiteElo "2418"]
[BlackElo "2121"]
[PlyCount "89"]
[EventDate "2023.07.04"]
[EventType "swiss"]
[EventRounds "9"]
[EventCountry "ESP"]
[SourceTitle "CBM 215 Extra"]
[Source "ChessBase"]
[SourceDate "2023.09.30"]
[SourceVersion "1"]
[SourceVersionDate "2023.09.30"]
[SourceQuality "1"]

1. e4 e5 2. Nf3 Nc6 3. Bc4 Nf6 4. d3 Be7 5. Nc3 d6 6. a4 0-0 7. h3 Be6 8. 0-0 Nd4 9. Nxd4 exd4 10. Bxe6 fxe6 11. Ne2 c5 12. f4 Qd7 13. Ng3 g6 14. f5 gxf5 15. exf5 e5 16. c4 dxc3 17. bxc3 Kh8 18. c4 Rg8 19. Qf3 Raf8 20. a5 Rf7 21. Rf2 Ne8 22. Ne4 Bh4 23. g3 Bd8 24. Bh6 Nf6 25. Ng5 Re7 26. Ne6 Rf7 27. Kh2 b5 28. axb6 Bxb6 29. Bg5 Ne8 30. Raf1 Nc7 31. Qh5 Ne8 32. Qh6 d5 33. Qh5 dxc4 34. dxc4 Nf6 35. Qh4 Ne8 36. Qe4 Qd6 37. Rd2 Qb8 38. Rfd1 Ba5 39. Rd7 Qb2+ 40. Kh1 Rxd7 41. Rxd7 Qa1+ 42. Kh2 Qa2+ 43. Kg1 Qa1+ 44. Kf2 Bc3 45. Rxh7+ 1-0